काय डेंजर वारा सुटलाय / (Record no. 52938)

MARC details
000 -LEADER
fixed length control field 01170nam a22002657a 4500
005 - DATE AND TIME OF LATEST TRANSACTION
control field 20110615101418.0
008 - FIXED-LENGTH DATA ELEMENTS--GENERAL INFORMATION
fixed length control field 110615t xxu||||| |||| 00| 0 mar d
010 ## - LCCN (DPL NO)
LC control number MAR--20953
020 ## - INTERNATIONAL STANDARD BOOK NUMBER
Terms of availability 95.00
International Standard Book Number 9788171858088
035 ## - SYSTEM CONTROL NUMBER
System control number MR-13611
037 ## - SOURCE OF ACQUISITION
Source of stock number/acquisition DBAD / PUB
040 ## - CATALOGING SOURCE
Original cataloging agency DPL
Language of cataloging MR
082 ## - DEWEY DECIMAL CLASSIFICATION NUMBER
Classification number 891.462
100 ## - MAIN ENTRY--PERSONAL NAME
Personal name पवार,जयंत
9 (RLIN) 28602
245 ## - TITLE STATEMENT
Title काय डेंजर वारा सुटलाय /
Statement of responsibility, etc अशोक पाटोळे
246 ## - VARYING FORM OF TITLE
Title proper/short title Kaya Danger Vara Sutalaya
Remainder of title by jayant Panwar
260 ## - PUBLICATION, DISTRIBUTION, ETC. (IMPRINT)
Place of publication, distribution, etc मुंबई
Name of publisher, distributor, etc पॉप्युलर प्रकाशन
Date of publication, distribution, etc 2011
270 ## - ADDRESS
Address 301,महालक्ष्मी चैंबर्स,22 भुलाभाई देसाई रोड
City मुंबई
Postal code 400026
300 ## - PHYSICAL DESCRIPTION
Extent नऊ,74पृ.
Dimensions 21सेमी(अजिल्द)
650 ## - SUBJECT ADDED ENTRY--TOPICAL TERM
Topical term or geographic name as entry element मराठी नाटक
9 (RLIN) 28622
650 ## - SUBJECT ADDED ENTRY--TOPICAL TERM
Topical term or geographic name as entry element Marathi Play
9 (RLIN) 28623
700 ## - ADDED ENTRY--PERSONAL NAME
9 (RLIN) 28624
942 ## - ADDED ENTRY ELEMENTS (KOHA)
Source of classification or shelving scheme Dewey Decimal Classification
Item type Marathi Books
Classification part 891.462
Call number suffix पवार
Holdings
Withdrawn status Lost status Source of classification or shelving scheme Damaged status Not for loan Collection code Home library Current library Date acquired Source of acquisition Cost, normal purchase price Total Checkouts Full call number Barcode Date last seen Copy number Cost, replacement price Koha item type
    Dewey Decimal Classification   Not For Loan Non-fiction D.B.Act.Division D.B.Act.Division 15/06/2011 DBAD / PUB 95.00   891.462 पवार MR-13611 15/06/2011 1 95.00 Marathi Books

© Delhi Public Library
Hit Counter
free hit counter